|
|
|
|
| LEADER |
00000nbm0a2200000 4500 |
| 001 |
161689 |
| 005 |
20231031155948.0 |
| 035 |
|
|
|a (RuTPU)RU\TPU\book\175336
|
| 035 |
|
|
|a RU\TPU\book\175059
|
| 090 |
|
|
|a 161689
|
| 100 |
|
|
|a 20090611dб. г k y0rusy50020304ca
|
| 101 |
0 |
|
|a rus
|
| 102 |
|
|
|a RU
|
| 105 |
|
|
|a a p 000zy
|
| 200 |
1 |
|
|a Разработка проекта инструкции по планированию, учету и калькулированию продукции промышленных предприятий резиновой обуви и латексных изделий
|e Отчет о НИР № 1
|e Тема: 22/69
|f Томский политехнический институт (ТПИ) ; руководитель Г. В. Симонов ; Л. М. Глуховских
|
| 210 |
|
|
|a Томск
|d б. г
|
| 215 |
|
|
|a 66 л.
|
| 610 |
1 |
|
|a отчеты о НИР
|
| 610 |
1 |
|
|a промышленные предприятия
|
| 610 |
1 |
|
|a резиновая обувь
|
| 610 |
1 |
|
|a латексы
|
| 610 |
1 |
|
|a инструкции
|
| 610 |
1 |
|
|a разработка
|
| 610 |
1 |
|
|a планирование
|
| 610 |
1 |
|
|a учет
|
| 610 |
1 |
|
|a калькулирование
|
| 675 |
|
|
|a 685(04)
|v 3
|
| 702 |
|
1 |
|a Симонов
|b Г. В.
|4 673
|
| 702 |
|
1 |
|a Глуховских
|b Л. М.
|4 677
|
| 712 |
0 |
2 |
|a Томский политехнический институт (ТПИ)
|c (1944-1991)
|2 stltpush
|3 (RuTPU)RU\TPU\col\1123
|4 595
|
| 801 |
|
1 |
|a RU
|b 63413507
|c 20090609
|g PSBO
|
| 801 |
|
2 |
|a RU
|b 63413507
|c 20090619
|g PSBO
|
| 942 |
|
|
|c BK
|